000 00489nam a22001697a 4500
003 UA-OsUOA
001 11939
007 ta
008 20050418b un ||||| |||| 00| 0 ukr d
942 _cSA
040 _aUA-OsUOA
_cUA-OsUOA
_dUA-OsUOA
245 _aПередумови демократизації суспільства : основні підходи
300 _aС.15-18
955 _a0
773 0 _w0
_tПерсонал
_dКиїв
_d2005
_g№3
650 7 _aДемократия
_2UDC
999 _c298100
_d298100